Manchester United Players Since 1992 - Statistics

General Stats
  • This quiz has been taken 97 times
  • The average score is 625 of 1051
Answer Stats
% Correct
2024/25 (Premier League - 14th) Portugal AM 30 Bruno Fernandes 51 17
97%
2023/24 (Premier League - 8th) Portugal AM 28 Bruno Fernandes 48 15
97%
2022/23 (Premier League - 3rd) Portugal AM 27 Bruno Fernandes 59 14
97%
2021/22 (Premier League - 6th) Portugal AM 26 Bruno Fernandes 46 10
97%
2020/21 (Premier League - 2nd) Portugal AM 25 Bruno Fernandes 58 28
97%
2019/20 (Premier League - 3rd) Portugal AM 24 Bruno Fernandes 22 12
97%
2024/25 (Premier League - 14th) Brazil DM 33 Casemiro 37 3
96%
2023/24 (Premier League - 8th) Brazil DM 31 Casemiro 32 5
96%
2022/23 (Premier League - 3rd) Brazil DM 30 Casemiro 51 7
96%
2022/23 (Premier League - 3rd) Portugal ST 37 Cristiano Ronaldo 16 3
96%
2021/22 (Premier League - 6th) Portugal ST 36 Cristiano Ronaldo 38 24
96%
2008/09 (Premier League - 1st) Portugal RW 23 Cristiano Ronaldo 53 26
96%
2007/08 (Premier League - 1st) Portugal RW 22 Cristiano Ronaldo 49 42
96%
2006/07 (Premier League - 1st) Portugal RW 21 Cristiano Ronaldo 53 23
96%
2005/06 (Premier League - 2nd) Portugal RW 20 Cristiano Ronaldo 47 12
96%
2004/05 (Premier League - 3rd) Portugal RW 19 Cristiano Ronaldo 50 9
96%
2003/04 (Premier League - 3rd) Portugal RW 18 Cristiano Ronaldo 40 6
96%
2008/09 (Premier League - 1st) England AM 21 Lee Martin 1
96%
2007/08 (Premier League - 1st) England AM 20 Lee Martin 1
96%
2005/06 (Premier League - 2nd) England AM 18 Lee Martin 1
96%
1993/94 (Premier League - 1st) England LB 25 Lee Martin 6
96%
1992/93 (Premier League - 1st) England LB 24 Lee Martin 2
96%
2024/25 (Premier League - 14th) England LW 27 Marcus Rashford 24 7
96%
2023/24 (Premier League - 8th) England LW 25 Marcus Rashford 43 8
96%
2022/23 (Premier League - 3rd) England LW 24 Marcus Rashford 56 30
96%
2021/22 (Premier League - 6th) England LW 23 Marcus Rashford 32 5
96%
2020/21 (Premier League - 2nd) England LW 22 Marcus Rashford 57 21
96%
2019/20 (Premier League - 3rd) England LW 21 Marcus Rashford 44 22
96%
2018/19 (Premier League - 6th) England LW 20 Marcus Rashford 47 13
96%
2017/18 (Premier League - 2nd) England LW 19 Marcus Rashford 52 13
96%
2016/17 (Premier League - 6th) England LW 18 Marcus Rashford 53 11
96%
2015/16 (Premier League - 5th) England LW 17 Marcus Rashford 18 8
96%
2024/25 (Premier League - 14th) Argentina LW 20 Alejandro Garnacho 52 10
95%
2023/24 (Premier League - 8th) Argentina LW 19 Alejandro Garnacho 50 10
95%
2022/23 (Premier League - 3rd) Argentina LW 18 Alejandro Garnacho 34 5
95%
2021/22 (Premier League - 6th) Argentina LW 17 Alejandro Garnacho 2
95%
2024/25 (Premier League - 14th) Brazil RW 25 Antony 14 1
95%
2023/24 (Premier League - 8th) Brazil RW 23 Antony 38 3
95%
2022/23 (Premier League - 3rd) Brazil RW 22 Antony 44 8
95%
2024/25 (Premier League - 14th) England CB 32 Harry Maguire 33 4
95%
2023/24 (Premier League - 8th) England CB 30 Harry Maguire 31 4
95%
2022/23 (Premier League - 3rd) England CB 29 Harry Maguire 31
95%
2021/22 (Premier League - 6th) England CB 28 Harry Maguire 37 2
95%
2020/21 (Premier League - 2nd) England CB 27 Harry Maguire 52 2
95%
2019/20 (Premier League - 3rd) England CB 26 Harry Maguire 55 3
95%
2024/25 (Premier League - 14th) England LB 29 Luke Shaw 6
95%
2023/24 (Premier League - 8th) England LB 27 Luke Shaw 15
95%
2022/23 (Premier League - 3rd) England LB 26 Luke Shaw 47 1
95%
2021/22 (Premier League - 6th) England LB 25 Luke Shaw 27
95%
2020/21 (Premier League - 2nd) England LB 24 Luke Shaw 47 1
95%
2019/20 (Premier League - 3rd) England LB 23 Luke Shaw 33 1
95%
2018/19 (Premier League - 6th) England LB 22 Luke Shaw 40 1
95%
2017/18 (Premier League - 2nd) England LB 21 Luke Shaw 19
95%
2016/17 (Premier League - 6th) England LB 20 Luke Shaw 19
95%
2015/16 (Premier League - 5th) England LB 19 Luke Shaw 8
95%
2014/15 (Premier League - 4th) England LB 18 Luke Shaw 20
95%
2024/25 (Premier League - 14th) Cameroon GK 29 André Onana 46
93%
2023/24 (Premier League - 8th) Cameroon GK 27 André Onana 51
93%
2024/25 (Premier League - 14th) Argentina CB 27 Lisandro Martínez 32 2
93%
2023/24 (Premier League - 8th) Argentina CB 25 Lisandro Martínez 14
93%
2022/23 (Premier League - 3rd) Argentina CB 24 Lisandro Martínez 45 1
93%
2022/23 (Premier League - 3rd) Spain GK 31 David de Gea 58
92%
2021/22 (Premier League - 6th) Spain GK 30 David de Gea 46
92%
2020/21 (Premier League - 2nd) Spain GK 29 David de Gea 36
92%
2019/20 (Premier League - 3rd) Spain GK 28 David de Gea 43
92%
2018/19 (Premier League - 6th) Spain GK 27 David de Gea 47
92%
2017/18 (Premier League - 2nd) Spain GK 26 David de Gea 46
92%
2016/17 (Premier League - 6th) Spain GK 25 David de Gea 45
92%
2015/16 (Premier League - 5th) Spain GK 24 David de Gea 49
92%
2014/15 (Premier League - 4th) Spain GK 23 David de Gea 43
92%
2013/14 (Premier League - 7th) Spain GK 22 David de Gea 52
92%
2012/13 (Premier League - 1st) Spain GK 21 David de Gea 41
92%
2011/12 (Premier League - 2nd) Spain GK 20 David de Gea 39
92%
2024/25 (Premier League - 14th) Denmark ST 22 Rasmus Højlund 46 9
92%
2023/24 (Premier League - 8th) Denmark ST 20 Rasmus Højlund 43 16
92%
2013/14 (Premier League - 7th) Wales LM 39 Ryan Giggs 22
92%
2012/13 (Premier League - 1st) Wales LM 38 Ryan Giggs 32 5
92%
2011/12 (Premier League - 2nd) Wales LM 37 Ryan Giggs 33 4
92%
2010/11 (Premier League - 1st) Wales LM 26 Ryan Giggs 38
92%
2009/10 (Premier League - 2nd) Wales LM 35 Ryan Giggs 32 7
92%
2008/09 (Premier League - 1st) Wales LM 34 Ryan Giggs 47 4
92%
2007/08 (Premier League - 1st) Wales LM 33 Ryan Giggs 43 4
92%
2006/07 (Premier League - 1st) Wales LM 32 Ryan Giggs 44 6
92%
2005/06 (Premier League - 2nd) Wales LM 31 Ryan Giggs 37 4
92%
2004/05 (Premier League - 3rd) Wales LM 30 Ryan Giggs 44 8
92%
2003/04 (Premier League - 3rd) Wales LM 29 Ryan Giggs 47 8
92%
2002/03 (Premier League - 1st) Wales LM 28 Ryan Giggs 59 15
92%
2001/02 (Premier League - 3rd) Wales LM 27 Ryan Giggs 40 9
92%
2000/01 (Premier League - 1st) Wales LM 26 Ryan Giggs 45 7
92%
1999/00 (Premier League - 1st) Wales LM 25 Ryan Giggs 43 7
92%
1998/99 (Premier League - 1st) Wales LM 24 Ryan Giggs 42 10
92%
1997/98 (Premier League - 2nd) Wales LM 23 Ryan Giggs 37 9
92%
1996/97 (Premier League - 1st) Wales LM 22 Ryan Giggs 37 5
92%
1995/96 (Premier League - 1st) Wales LM 21 Ryan Giggs 44 12
92%
1994/95 (Premier League - 2nd) Wales LM 20 Ryan Giggs 40 4
92%
1993/94 (Premier League - 1st) Wales LM 19 Ryan Giggs 58 17
92%
1992/93 (Premier League - 1st) Wales LM 18 Ryan Giggs 46 11
92%
Manager Wales 2014 2014 Ryan Giggs 4
92%
2016/17 (Premier League - 6th) England ST 30 Wayne Rooney 39 8
92%
2015/16 (Premier League - 5th) England ST 29 Wayne Rooney 41 15
92%
2014/15 (Premier League - 4th) England ST 28 Wayne Rooney 37 14
92%
2013/14 (Premier League - 7th) England ST 27 Wayne Rooney 40 19
92%
2012/13 (Premier League - 1st) England ST 26 Wayne Rooney 37 16
92%
2011/12 (Premier League - 2nd) England ST 25 Wayne Rooney 43 34
92%
2010/11 (Premier League - 1st) England ST 24 Wayne Rooney 40
92%
2009/10 (Premier League - 2nd) England ST 23 Wayne Rooney 44 34
92%
2008/09 (Premier League - 1st) England ST 22 Wayne Rooney 49 20
92%
2007/08 (Premier League - 1st) England ST 21 Wayne Rooney 43 18
92%
2006/07 (Premier League - 1st) England ST 20 Wayne Rooney 55 23
92%
2005/06 (Premier League - 2nd) England ST 19 Wayne Rooney 48 19
92%
2004/05 (Premier League - 3rd) England ST 18 Wayne Rooney 43 17
92%
2024/25 (Premier League - 14th) Denmark CM 33 Christian Eriksen 32 4
91%
2023/24 (Premier League - 8th) Denmark CM 31 Christian Eriksen 28 1
91%
2022/23 (Premier League - 3rd) Denmark CM 30 Christian Eriksen 44 2
91%
2023/24 (Premier League - 8th) France CB 30 Raphaël Varane 32 1
91%
2022/23 (Premier League - 3rd) France CB 29 Raphaël Varane 34
91%
2021/22 (Premier League - 6th) France CB 28 Raphaël Varane 29 1
91%
2024/25 (Premier League - 14th) Portugal RB 26 Diogo Dalot 51 3
89%
2023/24 (Premier League - 8th) Portugal RB 24 Diogo Dalot 50 3
89%
2022/23 (Premier League - 3rd) Portugal RB 23 Diogo Dalot 42 2
89%
2021/22 (Premier League - 6th) Portugal RB 22 Diogo Dalot 30
89%
2020/21 (Premier League - 2nd) Portugal RB 21 Diogo Dalot 1
89%
2019/20 (Premier League - 3rd) Portugal RB 20 Diogo Dalot 11 1
89%
2018/19 (Premier League - 6th) Portugal RB 19 Diogo Dalot 23
89%
2012/13 (Premier League - 1st) England CM 37 Paul Scholes 21 1
89%
2011/12 (Premier League - 2nd) England CM 36 Paul Scholes 21 4
89%
2010/11 (Premier League - 1st) England CM 35 Paul Scholes 33 1
89%
2009/10 (Premier League - 2nd) England CM 34 Paul Scholes 38 7
89%
2008/09 (Premier League - 1st) England CM 33 Paul Scholes 35 3
89%
2007/08 (Premier League - 1st) England CM 32 Paul Scholes 34 2
89%
2006/07 (Premier League - 1st) England CM 31 Paul Scholes 45 7
89%
2005/06 (Premier League - 2nd) England CM 30 Paul Scholes 27 3
89%
2004/05 (Premier League - 3rd) England CM 29 Paul Scholes 49 12
89%
2003/04 (Premier League - 3rd) England CM 28 Paul Scholes 40 14
89%
2002/03 (Premier League - 1st) England CM 27 Paul Scholes 52 20
89%
2001/02 (Premier League - 3rd) England CM 26 Paul Scholes 51 9
89%
2000/01 (Premier League - 1st) England CM 25 Paul Scholes 45 12
89%
1999/00 (Premier League - 1st) England CM 24 Paul Scholes 44 12
89%
1998/99 (Premier League - 1st) England CM 23 Paul Scholes 52 11
89%
1997/98 (Premier League - 2nd) England CM 22 Paul Scholes 42 10
89%
1996/97 (Premier League - 1st) England CM 21 Paul Scholes 33 6
89%
1995/96 (Premier League - 1st) England CM 20 Paul Scholes 30 14
89%
1994/95 (Premier League - 2nd) England CM 19 Paul Scholes 24 7
89%
2024/25 (Premier League - 14th) Scotland CM 28 Scott McTominay 3
89%
2023/24 (Premier League - 8th) Scotland CM 26 Scott McTominay 43 10
89%
2022/23 (Premier League - 3rd) Scotland CM 25 Scott McTominay 39 3
89%
2021/22 (Premier League - 6th) Scotland CM 24 Scott McTominay 37 2
89%
2020/21 (Premier League - 2nd) Scotland CM 23 Scott McTominay 49 7
89%
2019/20 (Premier League - 3rd) Scotland CM 22 Scott McTominay 37 5
89%
2018/19 (Premier League - 6th) Scotland CM 21 Scott McTominay 22 2
89%
2017/18 (Premier League - 2nd) Scotland CM 20 Scott McTominay 23
89%
2016/17 (Premier League - 6th) Scotland CM 19 Scott McTominay 2
89%
2023/24 (Premier League - 8th) France ST 27 Anthony Martial 19 2
88%
2022/23 (Premier League - 3rd) France ST 26 Anthony Martial 29 9
88%
2021/22 (Premier League - 6th) France ST 25 Anthony Martial 11 1
88%
2020/21 (Premier League - 2nd) France ST 24 Anthony Martial 36 7
88%
2019/20 (Premier League - 3rd) France ST 23 Anthony Martial 48 23
88%
2018/19 (Premier League - 6th) France ST 22 Anthony Martial 38 12
88%
2017/18 (Premier League - 2nd) France ST 21 Anthony Martial 45 11
88%
2016/17 (Premier League - 6th) France ST 20 Anthony Martial 42 8
88%
2015/16 (Premier League - 5th) France ST 19 Anthony Martial 49 17
88%
2013/14 (Premier League - 7th) Serbia CB 31 Nemanja Vidić 34 2
88%
2012/13 (Premier League - 1st) Serbia CB 30 Nemanja Vidić 23 1
88%
2011/12 (Premier League - 2nd) Serbia CB 29 Nemanja Vidić 10
88%
2010/11 (Premier League - 1st) Serbia CB 28 Nemanja Vidić 47
88%
2009/10 (Premier League - 2nd) Serbia CB 27 Nemanja Vidić 33 1
88%
2008/09 (Premier League - 1st) Serbia CB 26 Nemanja Vidić 55 7
88%
2007/08 (Premier League - 1st) Serbia CB 25 Nemanja Vidić 45 1
88%
2006/07 (Premier League - 1st) Serbia CB 24 Nemanja Vidić 38 4
88%
2005/06 (Premier League - 2nd) Serbia CB 23 Nemanja Vidić 15
88%
2024/25 (Premier League - 14th) Sweden CB 30 Victor Lindelöf 19
88%
2023/24 (Premier League - 8th) Sweden CB 28 Victor Lindelöf 28 1
88%
2022/23 (Premier League - 3rd) Sweden CB 27 Victor Lindelöf 35
88%
2021/22 (Premier League - 6th) Sweden CB 26 Victor Lindelöf 35
88%
2020/21 (Premier League - 2nd) Sweden CB 25 Victor Lindelöf 45 1
88%
2019/20 (Premier League - 3rd) Sweden CB 24 Victor Lindelöf 47 1
88%
2018/19 (Premier League - 6th) Sweden CB 23 Victor Lindelöf 40 1
88%
2017/18 (Premier League - 2nd) Sweden CB 22 Victor Lindelöf 29
88%
2024/25 (Premier League - 14th) Netherlands CB 25 Matthijs de Ligt 40 2
86%
2022/23 (Premier League - 3rd) Brazil CM 29 Fred 56 6
85%
2021/22 (Premier League - 6th) Brazil CM 28 Fred 36 4
85%
2020/21 (Premier League - 2nd) Brazil CM 27 Fred 48 1
85%
2019/20 (Premier League - 3rd) Brazil CM 26 Fred 48 2
85%
2018/19 (Premier League - 6th) Brazil CM 25 Fred 25 1
85%
2024/25 (Premier League - 14th) Northern Ireland CB 37 Jonny Evans 12 1
85%
2023/24 (Premier League - 8th) Northern Ireland CB 35 Jonny Evans 30
85%
2014/15 (Premier League - 4th) Northern Ireland CB 26 Jonny Evans 17
85%
2013/14 (Premier League - 7th) Northern Ireland CB 25 Jonny Evans 25 2
85%
2012/13 (Premier League - 1st) Northern Ireland CB 24 Jonny Evans 30 4
85%
2011/12 (Premier League - 2nd) Northern Ireland CB 23 Jonny Evans 40 1
85%
2010/11 (Premier League - 1st) Northern Ireland CB 22 Jonny Evans 21
85%
2009/10 (Premier League - 2nd) Northern Ireland CB 21 Jonny Evans 28
85%
2008/09 (Premier League - 1st) Northern Ireland CB 20 Jonny Evans 34
85%
2007/08 (Premier League - 1st) Northern Ireland CB 19 Jonny Evans 3
85%
2021/22 (Premier League - 6th) France CM 28 Paul Pogba 27 1
85%
2020/21 (Premier League - 2nd) France CM 27 Paul Pogba 42 6
85%
2019/20 (Premier League - 3rd) France CM 26 Paul Pogba 22 1
85%
2018/19 (Premier League - 6th) France CM 25 Paul Pogba 47 16
85%
2017/18 (Premier League - 2nd) France CM 24 Paul Pogba 37 6
85%
2016/17 (Premier League - 6th) France CM 23 Paul Pogba 51 9
85%
2011/12 (Premier League - 2nd) France CM 18 Paul Pogba 7
85%
2024/25 (Premier League - 14th) England CM 20 Kobbie Mainoo 30 2
84%
2023/24 (Premier League - 8th) England CM 18 Kobbie Mainoo 32 5
84%
2022/23 (Premier League - 3rd) England CM 17 Kobbie Mainoo 3
84%
2013/14 (Premier League - 7th) England CB 34 Rio Ferdinand 23
84%
2012/13 (Premier League - 1st) England CB 33 Rio Ferdinand 34 1
84%
2011/12 (Premier League - 2nd) England CB 32 Rio Ferdinand 38
84%
2010/11 (Premier League - 1st) England CB 31 Rio Ferdinand 29
84%
2009/10 (Premier League - 2nd) England CB 30 Rio Ferdinand 21
84%
2008/09 (Premier League - 1st) England CB 29 Rio Ferdinand 43
84%
2007/08 (Premier League - 1st) England CB 28 Rio Ferdinand 51 3
84%
2006/07 (Premier League - 1st) England CB 27 Rio Ferdinand 49 1
84%
2005/06 (Premier League - 2nd) England CB 26 Rio Ferdinand 52 3
84%
2004/05 (Premier League - 3rd) England CB 25 Rio Ferdinand 42
84%
2003/04 (Premier League - 3rd) England CB 24 Rio Ferdinand 27
84%
2002/03 (Premier League - 1st) England CB 23 Rio Ferdinand 46
84%
2021/22 (Premier League - 6th) Uruguay ST 34 Edinson Cavani 20 2
82%
2020/21 (Premier League - 2nd) Uruguay ST 33 Edinson Cavani 39 17
82%
2010/11 (Premier League - 1st) Netherlands GK 39 Edwin van der Sar 46
82%
2009/10 (Premier League - 2nd) Netherlands GK 38 Edwin van der Sar 29
82%
2008/09 (Premier League - 1st) Netherlands GK 37 Edwin van der Sar 49
82%
2007/08 (Premier League - 1st) Netherlands GK 36 Edwin van der Sar 44
82%
2006/07 (Premier League - 1st) Netherlands GK 35 Edwin van der Sar 47
82%
2005/06 (Premier League - 2nd) Netherlands GK 34 Edwin van der Sar 51
82%
2010/11 (Premier League - 1st) England RB 35 Gary Neville 4
82%
2009/10 (Premier League - 2nd) England RB 34 Gary Neville 28
82%
2008/09 (Premier League - 1st) England RB 33 Gary Neville 29
82%
2007/08 (Premier League - 1st) England RB 32 Gary Neville 1
82%
2006/07 (Premier League - 1st) England RB 31 Gary Neville 33
82%
2005/06 (Premier League - 2nd) England RB 30 Gary Neville 37
82%
2004/05 (Premier League - 3rd) England RB 29 Gary Neville 35 1
82%
2003/04 (Premier League - 3rd) England RB 28 Gary Neville 42 2
82%
2002/03 (Premier League - 1st) England RB 27 Gary Neville 44 1
82%
2001/02 (Premier League - 3rd) England RB 26 Gary Neville 51
82%
2000/01 (Premier League - 1st) England RB 25 Gary Neville 49 1
82%
1999/00 (Premier League - 1st) England RB 24 Gary Neville 34
82%
1998/99 (Premier League - 1st) England RB 23 Gary Neville 54 1
82%
1997/98 (Premier League - 2nd) England RB 22 Gary Neville 45
82%
1996/97 (Premier League - 1st) England RB 21 Gary Neville 46 1
82%
1995/96 (Premier League - 1st) England RB 20 Gary Neville 38
82%
1994/95 (Premier League - 2nd) England RB 19 Gary Neville 27
82%
1993/94 (Premier League - 1st) England RB 18 Gary Neville 2
82%
1992/93 (Premier League - 1st) England RB 17 Gary Neville 1
82%
2024/25 (Premier League - 14th) Uruguay DM 24 Manuel Ugarte 40 2
82%
2013/14 (Premier League - 7th) France LB 32 Patrice Evra 45 3
82%
2012/13 (Premier League - 1st) France LB 31 Patrice Evra 42 4
82%
2011/12 (Premier League - 2nd) France LB 30 Patrice Evra 47
82%
2010/11 (Premier League - 1st) France LB 29 Patrice Evra 48
82%
2009/10 (Premier League - 2nd) France LB 28 Patrice Evra 51
82%
2008/09 (Premier League - 1st) France LB 27 Patrice Evra 48
82%
2007/08 (Premier League - 1st) France LB 26 Patrice Evra 48
82%
2006/07 (Premier League - 1st) France LB 25 Patrice Evra 36 2
82%
2005/06 (Premier League - 2nd) France LB 24 Patrice Evra 14
82%
2004/05 (Premier League - 3rd) England RB 27 Phil Neville 34
82%
2003/04 (Premier League - 3rd) England RB 26 Phil Neville 42 1
82%
2002/03 (Premier League - 1st) England RB 25 Phil Neville 43 2
82%
2001/02 (Premier League - 3rd) England RB 24 Phil Neville 38 2
82%
2000/01 (Premier League - 1st) England RB 23 Phil Neville 38 1
82%
1999/00 (Premier League - 1st) England RB 22 Phil Neville 43
82%
1998/99 (Premier League - 1st) England RB 21 Phil Neville 43 1
82%
1997/98 (Premier League - 2nd) England RB 20 Phil Neville 42 1
82%
1996/97 (Premier League - 1st) England RB 19 Phil Neville 24
82%
1995/96 (Premier League - 1st) England RB 18 Phil Neville 35
82%
1994/95 (Premier League - 2nd) England RB 17 Phil Neville 3
82%
2002/03 (Premier League - 1st) England RM 27 David Beckham 52 11
81%
2001/02 (Premier League - 3rd) England RM 26 David Beckham 43 16
81%
2000/01 (Premier League - 1st) England RM 25 David Beckham 46 9
81%
1999/00 (Premier League - 1st) England RM 24 David Beckham 47 8
81%
1998/99 (Premier League - 1st) England RM 23 David Beckham 56 9
81%
1997/98 (Premier League - 2nd) England RM 22 David Beckham 50 11
81%
1996/97 (Premier League - 1st) England RM 21 David Beckham 49 12
81%
1995/96 (Premier League - 1st) England RM 20 David Beckham 40 8
81%
1994/95 (Premier League - 2nd) England CM 19 David Beckham 10 1
81%
1992/93 (Premier League - 1st) England RM 17 David Beckham 1
81%
2011/12 (Premier League - 2nd) Bulgaria ST 30 Dimitar Berbatov 21 9
81%
2010/11 (Premier League - 1st) Bulgaria ST 29 Dimitar Berbatov 42
81%
2009/10 (Premier League - 2nd) Bulgaria ST 28 Dimitar Berbatov 43 12
81%
2008/09 (Premier League - 1st) Bulgaria ST 27 Dimitar Berbatov 43 14
81%
2024/25 (Premier League - 14th) England LW 25 Jadon Sancho 1
81%
2023/24 (Premier League - 8th) England LW 23 Jadon Sancho 3
81%
2022/23 (Premier League - 3rd) England LW 22 Jadon Sancho 41 7
81%
2021/22 (Premier League - 6th) England LW 21 Jadon Sancho 38 5
81%
2024/25 (Premier League - 14th) Netherlands ST 23 Joshua Zirkzee 48 7
81%
2014/15 (Premier League - 4th) England CB 21 Michael Keane 2
81%
2012/13 (Premier League - 1st) England CB 19 Michael Keane 2
81%
2011/12 (Premier League - 2nd) England CB 18 Michael Keane 1
81%
2014/15 (Premier League - 4th) Portugal LW 27 Nani 1
81%
2013/14 (Premier League - 7th) Portugal LW 26 Nani 13 1
81%
2012/13 (Premier League - 1st) Portugal LW 25 Nani 21 3
81%
2011/12 (Premier League - 2nd) Portugal LW 24 Nani 40 10
81%
2010/11 (Premier League - 1st) Portugal LW 23 Nani 49
81%
2009/10 (Premier League - 2nd) Portugal LW 22 Nani 34 7
81%
2008/09 (Premier League - 1st) Portugal LW 21 Nani 31 6
81%
2007/08 (Premier League - 1st) Portugal LW 20 Nani 41 4
81%
2021/22 (Premier League - 6th) Serbia DM 32 Nemanja Matić 32
81%
2020/21 (Premier League - 2nd) Serbia DM 31 Nemanja Matić 36
81%
2019/20 (Premier League - 3rd) Serbia DM 30 Nemanja Matić 34 1
81%
2018/19 (Premier League - 6th) Serbia DM 29 Nemanja Matić 38 1
81%
2017/18 (Premier League - 2nd) Serbia DM 28 Nemanja Matić 49 2
81%
2011/12 (Premier League - 2nd) South Korea AM 30 Park Ji-sung 28 3
81%
2010/11 (Premier League - 1st) South Korea AM 29 Park Ji-sung 28 8
81%
2009/10 (Premier League - 2nd) South Korea AM 28 Park Ji-sung 26 4
81%
2008/09 (Premier League - 1st) South Korea AM 27 Park Ji-sung 40 4
81%
2007/08 (Premier League - 1st) South Korea AM 26 Park Ji-sung 18 1
81%
2006/07 (Premier League - 1st) South Korea AM 25 Park Ji-sung 20 5
81%
2005/06 (Premier League - 2nd) South Korea AM 24 Park Ji-sung 44 3
81%
2005/06 (Premier League - 2nd) Ireland DM 33 Roy Keane 6
81%
2004/05 (Premier League - 3rd) Ireland DM 32 Roy Keane 43 2
81%
2003/04 (Premier League - 3rd) Ireland DM 31 Roy Keane 38 3
81%
2002/03 (Premier League - 1st) Ireland DM 30 Roy Keane 32
81%
2001/02 (Premier League - 3rd) Ireland DM 29 Roy Keane 43 4
81%
2000/01 (Premier League - 1st) Ireland DM 28 Roy Keane 44 3
81%
1999/00 (Premier League - 1st) Ireland DM 27 Roy Keane 44 11
81%
1998/99 (Premier League - 1st) Ireland DM 26 Roy Keane 56 6
81%
1997/98 (Premier League - 2nd) Ireland DM 25 Roy Keane 11 2
81%
1996/97 (Premier League - 1st) Ireland DM 24 Roy Keane 33 3
81%
1995/96 (Premier League - 1st) Ireland DM 23 Roy Keane 39 6
81%
1994/95 (Premier League - 2nd) Ireland DM 22 Roy Keane 36 3
81%
1993/94 (Premier League - 1st) Ireland DM 21 Roy Keane 54 8
81%
2015/16 (Premier League - 5th) Ireland ST 22 Will Keane 2
81%
2011/12 (Premier League - 2nd) Ireland ST 18 Will Keane 1
81%
2017/18 (Premier League - 2nd) Sweden ST 35 Zlatan Ibrahimović 7 1
81%
2016/17 (Premier League - 6th) Sweden ST 34 Zlatan Ibrahimović 46 28
81%
2021/22 (Premier League - 6th) Spain AM 33 Juan Mata 12
80%
2020/21 (Premier League - 2nd) Spain AM 32 Juan Mata 18 3
80%
2019/20 (Premier League - 3rd) Spain AM 31 Juan Mata 37 3
80%
2018/19 (Premier League - 6th) Spain AM 30 Juan Mata 32 6
80%
2017/18 (Premier League - 2nd) Spain AM 29 Juan Mata 40 3
80%
2016/17 (Premier League - 6th) Spain AM 28 Juan Mata 42 10
80%
2015/16 (Premier League - 5th) Spain AM 27 Juan Mata 54 10
80%
2014/15 (Premier League - 4th) Spain AM 26 Juan Mata 35 10
80%
2013/14 (Premier League - 7th) Spain AM 25 Juan Mata 15 6
80%
2024/25 (Premier League - 14th) England AM 26 Mason Mount 19
80%
2023/24 (Premier League - 8th) England AM 24 Mason Mount 20 1
80%
2024/25 (Premier League - 14th) Morocco RB 27 Noussair Mazraoui 51
80%
1998/99 (Premier League - 1st) Denmark GK 34 Peter Schmeichel 56
80%
1997/98 (Premier League - 2nd) Denmark GK 33 Peter Schmeichel 44
80%
1996/97 (Premier League - 1st) Denmark GK 32 Peter Schmeichel 49
80%
1995/96 (Premier League - 1st) Denmark GK 31 Peter Schmeichel 45 1
80%
1994/95 (Premier League - 2nd) Denmark GK 30 Peter Schmeichel 43
80%
1993/94 (Premier League - 1st) Denmark GK 29 Peter Schmeichel 60
80%
1992/93 (Premier League - 1st) Denmark GK 28 Peter Schmeichel 48
80%
2005/06 (Premier League - 2nd) Netherlands ST 29 Ruud van Nistelrooy 47 24
80%
2004/05 (Premier League - 3rd) Netherlands ST 28 Ruud van Nistelrooy 27 16
80%
2003/04 (Premier League - 3rd) Netherlands ST 27 Ruud van Nistelrooy 44 30
80%
2002/03 (Premier League - 1st) Netherlands ST 26 Ruud van Nistelrooy 52 44
80%
2001/02 (Premier League - 3rd) Netherlands ST 25 Ruud van Nistelrooy 49 36
80%
Manager Netherlands 2024 2024 Ruud van Nistelrooy 4
80%
2008/09 (Premier League - 1st) Argentina ST 24 Carlos Tevez 51 15
78%
2007/08 (Premier League - 1st) Argentina ST 23 Carlos Tevez 48 19
78%
2024/25 (Premier League - 14th) Ivory Coast RW 22 Amad Diallo 36 9
77%
2023/24 (Premier League - 8th) Ivory Coast RW 20 Amad Diallo 12 2
77%
2021/22 (Premier League - 6th) Ivory Coast RW 18 Amad Diallo 1
77%
2020/21 (Premier League - 2nd) Ivory Coast RW 17 Amad Diallo 8 1
77%
2021/22 (Premier League - 6th) Ivory Coast CB 27 Eric Bailly 7
77%
2020/21 (Premier League - 2nd) Ivory Coast CB 26 Eric Bailly 21
77%
2019/20 (Premier League - 3rd) Ivory Coast CB 25 Eric Bailly 11
77%
2018/19 (Premier League - 6th) Ivory Coast CB 24 Eric Bailly 18
77%
2017/18 (Premier League - 2nd) Ivory Coast CB 23 Eric Bailly 18 1
77%
2016/17 (Premier League - 6th) Ivory Coast CB 22 Eric Bailly 38
77%
2021/22 (Premier League - 6th) England CB 29 Phil Jones 5
77%
2019/20 (Premier League - 3rd) England CB 27 Phil Jones 8 1
77%
2018/19 (Premier League - 6th) England CB 26 Phil Jones 24
77%
2017/18 (Premier League - 2nd) England CB 25 Phil Jones 25
77%
2016/17 (Premier League - 6th) England CB 24 Phil Jones 26
77%
2015/16 (Premier League - 5th) England CB 23 Phil Jones 13
77%
2014/15 (Premier League - 4th) England CB 22 Phil Jones 24
77%
2013/14 (Premier League - 7th) England CB 21 Phil Jones 39 3
77%
2012/13 (Premier League - 1st) England CB 20 Phil Jones 24
77%
2011/12 (Premier League - 2nd) England CB 19 Phil Jones 41 2
77%
2023/24 (Premier League - 8th) England RB 25 Aaron Wan-Bissaka 30
76%
2022/23 (Premier League - 3rd) England RB 24 Aaron Wan-Bissaka 34
76%
2021/22 (Premier League - 6th) England RB 23 Aaron Wan-Bissaka 26
76%
2020/21 (Premier League - 2nd) England RB 22 Aaron Wan-Bissaka 54 2
76%
2019/20 (Premier League - 3rd) England RB 21 Aaron Wan-Bissaka 46
76%
2018/19 (Premier League - 6th) Ecuador RB 32 Antonio Valencia 9
76%
2017/18 (Premier League - 2nd) Ecuador RB 31 Antonio Valencia 39 3
76%
2016/17 (Premier League - 6th) Ecuador RB 30 Antonio Valencia 43 1
76%
2015/16 (Premier League - 5th) Ecuador RB 29 Antonio Valencia 22
76%
2014/15 (Premier League - 4th) Ecuador RB 28 Antonio Valencia 35
76%
2013/14 (Premier League - 7th) Ecuador RM 27 Antonio Valencia 44 4
76%
2012/13 (Premier League - 1st) Ecuador RM 26 Antonio Valencia 40 1
76%
2011/12 (Premier League - 2nd) Ecuador RM 25 Antonio Valencia 38 6
76%
2010/11 (Premier League - 1st) Ecuador RM 24 Antonio Valencia 20 3
76%
2009/10 (Premier League - 2nd) Ecuador RM 23 Antonio Valencia 49 7
76%
2018/19 (Premier League - 6th) England CB 28 Chris Smalling 34 1
76%
2017/18 (Premier League - 2nd) England CB 27 Chris Smalling 46 4
76%
2016/17 (Premier League - 6th) England CB 26 Chris Smalling 36 2
76%
2015/16 (Premier League - 5th) England CB 25 Chris Smalling 55 2
76%
2014/15 (Premier League - 4th) England CB 24 Chris Smalling 29 4
76%
2013/14 (Premier League - 7th) England CB 23 Chris Smalling 38 2
76%
2012/13 (Premier League - 1st) England CB 22 Chris Smalling 22
76%
2011/12 (Premier League - 2nd) England CB 21 Chris Smalling 30 2
76%
2010/11 (Premier League - 1st) England CB 20 Chris Smalling 33
76%
1996/97 (Premier League - 1st) France SS 30 Eric Cantona 50 15
76%
1995/96 (Premier League - 1st) France SS 29 Eric Cantona 38 19
76%
1994/95 (Premier League - 2nd) France SS 28 Eric Cantona 25 14
76%
1993/94 (Premier League - 1st) France SS 27 Eric Cantona 49 25
76%
1992/93 (Premier League - 1st) France SS 26 Eric Cantona 23 9
76%
2024/25 (Premier League - 14th) France CB 19 Leny Yoro 28 1
76%
2018/19 (Premier League - 6th) Belgium CM 30 Marouane Fellaini 21 2
76%
2017/18 (Premier League - 2nd) Belgium CM 29 Marouane Fellaini 23 5
76%
2016/17 (Premier League - 6th) Belgium CM 28 Marouane Fellaini 47 4
76%
2015/16 (Premier League - 5th) Belgium CM 27 Marouane Fellaini 34 4
76%
2014/15 (Premier League - 4th) Belgium CM 26 Marouane Fellaini 31 7
76%
2013/14 (Premier League - 7th) Belgium CM 25 Marouane Fellaini 21
76%
2017/18 (Premier League - 2nd) England DM 35 Michael Carrick 5
76%
2016/17 (Premier League - 6th) England DM 34 Michael Carrick 38 1
76%
2015/16 (Premier League - 5th) England DM 33 Michael Carrick 42
76%
2014/15 (Premier League - 4th) England DM 32 Michael Carrick 20 1
76%
2013/14 (Premier League - 7th) England DM 31 Michael Carrick 40 1
76%
2012/13 (Premier League - 1st) England DM 30 Michael Carrick 46 2
76%
2011/12 (Premier League - 2nd) England DM 29 Michael Carrick 41 2
76%
2010/11 (Premier League - 1st) England DM 28 Michael Carrick 44
76%
2009/10 (Premier League - 2nd) England DM 27 Michael Carrick 44 5
76%
2008/09 (Premier League - 1st) England DM 26 Michael Carrick 43 4
76%
2007/08 (Premier League - 1st) England DM 25 Michael Carrick 49 2
76%
2006/07 (Premier League - 1st) England DM 24 Michael Carrick 52 6
76%
Manager England 2021 2021 Michael Carrick 3
76%
2018/19 (Premier League - 6th) Chile LW 29 Alexis Sánchez 27 2
74%
2017/18 (Premier League - 2nd) Chile LW 28 Alexis Sánchez 18 3
74%
2016/17 (Premier League - 6th) Netherlands LW 22 Memphis Depay 8
74%
2015/16 (Premier League - 5th) Netherlands LW 21 Memphis Depay 45 7
74%
2006/07 (Premier League - 1st) Norway ST 33 Ole Gunnar Solskjær 32 11
74%
2005/06 (Premier League - 2nd) Norway ST 32 Ole Gunnar Solskjær 5
74%
2003/04 (Premier League - 3rd) Norway ST 30 Ole Gunnar Solskjær 19 1
74%
2002/03 (Premier League - 1st) Norway ST 29 Ole Gunnar Solskjær 57 15
74%
2001/02 (Premier League - 3rd) Norway ST 28 Ole Gunnar Solskjær 47 25
74%
2000/01 (Premier League - 1st) Norway ST 27 Ole Gunnar Solskjær 47 13
74%
1999/00 (Premier League - 1st) Norway ST 26 Ole Gunnar Solskjær 45 15
74%
1998/99 (Premier League - 1st) Norway ST 25 Ole Gunnar Solskjær 38 18
74%
1997/98 (Premier League - 2nd) Norway ST 24 Ole Gunnar Solskjær 30 9
74%
1996/97 (Premier League - 1st) Norway ST 23 Ole Gunnar Solskjær 46 19
74%
Manager Norway 2018 2021 Ole Gunnar Solskjær 168
74%
2006/07 (Premier League - 1st) England CM 19 Ritchie Jones 1
74%
2005/06 (Premier League - 2nd) England CM 18 Ritchie Jones 4
74%
2014/15 (Premier League - 4th) Netherlands ST 30 Robin van Persie 29 10
74%
2013/14 (Premier League - 7th) Netherlands ST 29 Robin van Persie 28 18
74%
2012/13 (Premier League - 1st) Netherlands ST 28 Robin van Persie 48 30
74%
2018/19 (Premier League - 6th) Belgium ST 25 Romelu Lukaku 45 15
74%
2017/18 (Premier League - 2nd) Belgium ST 24 Romelu Lukaku 51 27
74%
2023/24 (Premier League - 8th) Morocco DM 26 Sofyan Amrabat 30
74%
2001/02 (Premier League - 3rd) England ST 29 Andrew Cole 15 5
73%
2000/01 (Premier League - 1st) England ST 28 Andrew Cole 31 13
73%
1999/00 (Premier League - 1st) England ST 27 Andrew Cole 45 22
73%
1998/99 (Premier League - 1st) England ST 26 Andrew Cole 50 24
73%
1997/98 (Premier League - 2nd) England ST 25 Andrew Cole 45 25
73%
1996/97 (Premier League - 1st) England ST 24 Andrew Cole 28 7
73%
1995/96 (Premier League - 1st) England ST 23 Andrew Cole 43 13
73%
1994/95 (Premier League - 2nd) England ST 22 Andrew Cole 18 12
73%
2019/20 (Premier League - 3rd) England LB 33 Ashley Young 18 1
73%
2018/19 (Premier League - 6th) England RB 32 Ashley Young 41 2
73%
2017/18 (Premier League - 2nd) England LB 31 Ashley Young 38 2
73%
2016/17 (Premier League - 6th) England RB 30 Ashley Young 23
73%
2015/16 (Premier League - 5th) England RB 29 Ashley Young 26 1
73%
2014/15 (Premier League - 4th) England LM 28 Ashley Young 29 2
73%
2013/14 (Premier League - 7th) England LM 27 Ashley Young 30 3
73%
2012/13 (Premier League - 1st) England LM 26 Ashley Young 23
73%
2011/12 (Premier League - 2nd) England LW 25 Ashley Young 33 8
73%
2006/07 (Premier League - 1st) England CM 21 David Jones 2
73%
2004/05 (Premier League - 3rd) England CM 19 David Jones 2
73%
2010/11 (Premier League - 1st) Ireland CB 29 John O'Shea 33
73%
2009/10 (Premier League - 2nd) Ireland CB 28 John O'Shea 19 1
73%
2008/09 (Premier League - 1st) Ireland CB 27 John O'Shea 54 2
73%
2007/08 (Premier League - 1st) Ireland CB 26 John O'Shea 38
73%
2006/07 (Premier League - 1st) Ireland CB 25 John O'Shea 49 5
73%
2005/06 (Premier League - 2nd) Ireland CB 24 John O'Shea 47 2
73%
2004/05 (Premier League - 3rd) Ireland CB 23 John O'Shea 37 3
73%
2003/04 (Premier League - 3rd) Ireland CB 22 John O'Shea 49 2
73%
2002/03 (Premier League - 1st) Ireland CB 21 John O'Shea 52
73%
2001/02 (Premier League - 3rd) Ireland CB 20 John O'Shea 13
73%
2000/01 (Premier League - 1st) Ireland CB 19 John O'Shea 2
73%
1999/00 (Premier League - 1st) Ireland CB 18 John O'Shea 1
73%
2011/12 (Premier League - 2nd) England RM 18 Larnell Cole 1
73%
2019/20 (Premier League - 3rd) Argentina CB 29 Marcos Rojo 9
73%
2018/19 (Premier League - 6th) Argentina CB 28 Marcos Rojo 6
73%
2017/18 (Premier League - 2nd) Argentina CB 27 Marcos Rojo 12
73%
2016/17 (Premier League - 6th) Argentina CB 26 Marcos Rojo 41 1
73%
2015/16 (Premier League - 5th) Argentina CB 25 Marcos Rojo 28
73%
2014/15 (Premier League - 4th) Argentina CB 24 Marcos Rojo 26 1
73%
2021/22 (Premier League - 6th) Wales RW 23 Daniel James 2
72%
2020/21 (Premier League - 2nd) Wales RW 22 Daniel James 26 5
72%
2019/20 (Premier League - 3rd) Wales RW 21 Daniel James 46 4
72%
2015/16 (Premier League - 5th) Mexico ST 27 Javier Hernández 3
72%
2014/15 (Premier League - 4th) Mexico ST 26 Javier Hernández 2
72%
2013/14 (Premier League - 7th) Mexico ST 25 Javier Hernández 35 9
72%
2012/13 (Premier League - 1st) Mexico ST 24 Javier Hernández 36 18
72%
2011/12 (Premier League - 2nd) Mexico ST 23 Javier Hernández 36 12
72%
2010/11 (Premier League - 1st) Mexico ST 22 Javier Hernández 45
72%
2021/22 (Premier League - 6th) England AM 28 Jesse Lingard 22 2
72%
2020/21 (Premier League - 2nd) England AM 27 Jesse Lingard 3
72%
2019/20 (Premier League - 3rd) England AM 26 Jesse Lingard 40 4
72%
2018/19 (Premier League - 6th) England AM 25 Jesse Lingard 36 5
72%
2017/18 (Premier League - 2nd) England AM 24 Jesse Lingard 48 13
72%
2016/17 (Premier League - 6th) England AM 23 Jesse Lingard 42 5
72%
2015/16 (Premier League - 5th) England AM 22 Jesse Lingard 40 6
72%
2014/15 (Premier League - 4th) England AM 21 Jesse Lingard 1
72%
2014/15 (Premier League - 4th) England LB 20 Reece James 1
72%
2019/20 (Premier League - 3rd) Argentina GK 32 Sergio Romero 17
72%
2018/19 (Premier League - 6th) Argentina GK 31 Sergio Romero 6
72%
2017/18 (Premier League - 2nd) Argentina GK 30 Sergio Romero 10
72%
2016/17 (Premier League - 6th) Argentina GK 29 Sergio Romero 18
72%
2015/16 (Premier League - 5th) Argentina GK 28 Sergio Romero 10
72%
2024/25 (Premier League - 14th) Turkey GK 27 Altay Bayındır 7
70%
2023/24 (Premier League - 8th) Turkey GK 25 Altay Bayındır 1
70%
2018/19 (Premier League - 6th) Spain CM 28 Ander Herrera 28 3
70%
2017/18 (Premier League - 2nd) Spain CM 27 Ander Herrera 39 2
70%
2016/17 (Premier League - 6th) Spain CM 26 Ander Herrera 50 2
70%
2015/16 (Premier League - 5th) Spain CM 25 Ander Herrera 41 5
70%
2014/15 (Premier League - 4th) Spain CM 24 Ander Herrera 31 8
70%
2014/15 (Premier League - 4th) Argentina RW 26 Ángel Di María 32 4
70%
2016/17 (Premier League - 6th) Germany CM 31 Bastian Schweinsteiger 4 1
70%
2015/16 (Premier League - 5th) Germany CM 30 Bastian Schweinsteiger 31 1
70%
2017/18 (Premier League - 2nd) Netherlands LB 27 Daley Blind 17 1
70%
2016/17 (Premier League - 6th) Netherlands LB 26 Daley Blind 39 1
70%
2015/16 (Premier League - 5th) Netherlands CB 25 Daley Blind 56 2
70%
2014/15 (Premier League - 4th) Netherlands DM 24 Daley Blind 29 2
70%
2024/25 (Premier League - 14th) Netherlands LB 25 Tyrell Malacia 8
70%
2022/23 (Premier League - 3rd) Netherlands LB 22 Tyrell Malacia 39
70%
2014/15 (Premier League - 4th) Brazil CM 26 Anderson 2
68%
2013/14 (Premier League - 7th) Brazil CM 25 Anderson 8
68%
2012/13 (Premier League - 1st) Brazil CM 24 Anderson 26 2
68%
2011/12 (Premier League - 2nd) Brazil CM 23 Anderson 16 2
68%
2010/11 (Premier League - 1st) Brazil CM 22 Anderson 30 4
68%
2009/10 (Premier League - 2nd) Brazil CM 21 Anderson 23 1
68%
2008/09 (Premier League - 1st) Brazil CM 20 Anderson 38
68%
2007/08 (Premier League - 1st) Brazil CM 19 Anderson 38
68%
2023/24 (Premier League - 8th) Netherlands CM 26 Donny van de Beek 2
68%
2022/23 (Premier League - 3rd) Netherlands CM 25 Donny van de Beek 10
68%
2021/22 (Premier League - 6th) Netherlands CM 24 Donny van de Beek 14 1
68%
2020/21 (Premier League - 2nd) Netherlands CM 23 Donny van de Beek 36 1
68%
2001/02 (Premier League - 3rd) Trinidad & Tobago ST 29 Dwight Yorke 16 1
68%
2000/01 (Premier League - 1st) Trinidad & Tobago ST 28 Dwight Yorke 38 12
68%
1999/00 (Premier League - 1st) Trinidad & Tobago ST 27 Dwight Yorke 46 24
68%
1998/99 (Premier League - 1st) Trinidad & Tobago ST 26 Dwight Yorke 52 29
68%
2002/03 (Premier League - 1st) France GK 31 Fabien Barthez 46
68%
2001/02 (Premier League - 3rd) France GK 30 Fabien Barthez 49
68%
2000/01 (Premier League - 1st) France GK 29 Fabien Barthez 44
68%
2001/02 (Premier League - 3rd) Netherlands CB 28 Jaap Stam 2
68%
2000/01 (Premier League - 1st) Netherlands CB 27 Jaap Stam 23
68%
1999/00 (Premier League - 1st) Netherlands CB 26 Jaap Stam 50
68%
1998/99 (Premier League - 1st) Netherlands CB 25 Jaap Stam 52 1
68%
2018/19 (Premier League - 6th) Italy RB 28 Matteo Darmian 7
68%
2017/18 (Premier League - 2nd) Italy RB 27 Matteo Darmian 17
68%
2016/17 (Premier League - 6th) Italy RB 26 Matteo Darmian 29
68%
2015/16 (Premier League - 5th) Italy RB 25 Matteo Darmian 39 1
68%
2024/25 (Premier League - 14th) Denmark LB 20 Patrick Dorgu 13
68%
2014/15 (Premier League - 4th) Colombia ST 28 Radamel Falcao 29 4
68%
2014/15 (Premier League - 4th) Japan AM 25 Shinji Kagawa 1
68%
2013/14 (Premier League - 7th) Japan AM 24 Shinji Kagawa 30
68%
2012/13 (Premier League - 1st) Japan AM 23 Shinji Kagawa 26 6
68%
2021/22 (Premier League - 6th) England RW 19 Mason Greenwood 24 6
66%
2020/21 (Premier League - 2nd) England RW 18 Mason Greenwood 52 12
66%
2019/20 (Premier League - 3rd) England RW 17 Mason Greenwood 49 17
66%
2018/19 (Premier League - 6th) England RW 16 Mason Greenwood 4
66%
2014/15 (Premier League - 4th) Scotland CM 30 Darren Fletcher 12
65%
2013/14 (Premier League - 7th) Scotland CM 29 Darren Fletcher 18
65%
2012/13 (Premier League - 1st) Scotland CM 28 Darren Fletcher 10 1
65%
2011/12 (Premier League - 2nd) Scotland CM 27 Darren Fletcher 10 2
65%
2010/11 (Premier League - 1st) Scotland CM 36 Darren Fletcher 37
65%
2009/10 (Premier League - 2nd) Scotland CM 25 Darren Fletcher 41 5
65%
2008/09 (Premier League - 1st) Scotland CM 24 Darren Fletcher 42 4
65%
2007/08 (Premier League - 1st) Scotland CM 23 Darren Fletcher 24 2
65%
2006/07 (Premier League - 1st) Scotland CM 22 Darren Fletcher 40 3
65%
2005/06 (Premier League - 2nd) Scotland CM 21 Darren Fletcher 41 1
65%
2004/05 (Premier League - 3rd) Scotland CM 20 Darren Fletcher 30 3
65%
2003/04 (Premier League - 3rd) Scotland CM 19 Darren Fletcher 35
65%
2002/03 (Premier League - 1st) Scotland CM 18 Darren Fletcher 2
65%
2004/05 (Premier League - 3rd) Uruguay ST 25 Diego Forlán 3
65%
2003/04 (Premier League - 3rd) Uruguay ST 24 Diego Forlán 32 8
65%
2002/03 (Premier League - 1st) Uruguay ST 23 Diego Forlán 45 9
65%
2001/02 (Premier League - 3rd) Uruguay ST 22 Diego Forlán 18
65%
2017/18 (Premier League - 2nd) Armenia AM 28 Henrikh Mkhitaryan 22 2
65%
2016/17 (Premier League - 6th) Armenia AM 27 Henrikh Mkhitaryan 41 11
65%
2000/01 (Premier League - 1st) England ST 34 Teddy Sheringham 43 21
65%
1999/00 (Premier League - 1st) England ST 33 Teddy Sheringham 40 6
65%
1998/99 (Premier League - 1st) England ST 32 Teddy Sheringham 28 5
65%
1997/98 (Premier League - 2nd) England ST 31 Teddy Sheringham 42 14
65%
2005/06 (Premier League - 2nd) United States GK 26 Tim Howard 6
65%
2004/05 (Premier League - 3rd) United States GK 25 Tim Howard 27
65%
2003/04 (Premier League - 3rd) United States GK 24 Tim Howard 44
65%
2003/04 (Premier League - 3rd) England DM 28 Nicky Butt 34 2
64%
2002/03 (Premier League - 1st) England DM 27 Nicky Butt 29
64%
2001/02 (Premier League - 3rd) England DM 26 Nicky Butt 37 1
64%
2000/01 (Premier League - 1st) England DM 25 Nicky Butt 41 4
64%
1999/00 (Premier League - 1st) England DM 24 Nicky Butt 41 4
64%
1998/99 (Premier League - 1st) England DM 23 Nicky Butt 48 2
64%
1997/98 (Premier League - 2nd) England DM 22 Nicky Butt 42 3
64%
1996/97 (Premier League - 1st) England DM 21 Nicky Butt 36 6
64%
1995/96 (Premier League - 1st) England DM 20 Nicky Butt 41 3
64%
1994/95 (Premier League - 2nd) England DM 19 Nicky Butt 35 1
64%
1993/94 (Premier League - 1st) England DM 18 Nicky Butt 2
64%
1992/93 (Premier League - 1st) England DM 17 Nicky Butt 1
64%
2015/16 (Premier League - 5th) Belgium RW 20 Adnan Januzaj 7 1
62%
2014/15 (Premier League - 4th) Belgium RW 19 Adnan Januzaj 21
62%
2013/14 (Premier League - 7th) Belgium RW 18 Adnan Januzaj 35 4
62%
Manager Scotland 1986 2013 Alex Ferguson 1,500
62%
1993/94 (Premier League - 1st) Scotland CM 21 Darren Ferguson 4
62%
1992/93 (Premier League - 1st) Scotland CM 20 Darren Ferguson 16
62%
2021/22 (Premier League - 6th) England GK 24 Dean Henderson 3
62%
2020/21 (Premier League - 2nd) England GK 23 Dean Henderson 26
62%
2024/25 (Premier League - 14th) England GK 39 Tom Heaton 0
62%
2023/24 (Premier League - 8th) England GK 37 Tom Heaton 0
62%
2022/23 (Premier League - 3rd) England GK 36 Tom Heaton 2
62%
2021/22 (Premier League - 6th) England GK 35 Tom Heaton 1
62%
2010/11 (Premier League - 1st) England RB 30 Wes Brown 15 1
62%
2009/10 (Premier League - 2nd) England CB 29 Wes Brown 29
62%
2008/09 (Premier League - 1st) England RB 28 Wes Brown 13 1
62%
2007/08 (Premier League - 1st) England RB 27 Wes Brown 52 1
62%
2006/07 (Premier League - 1st) England RB 26 Wes Brown 37
62%
2005/06 (Premier League - 2nd) England CB 25 Wes Brown 31
62%
2004/05 (Premier League - 3rd) England CB 24 Wes Brown 37 1
62%
2003/04 (Premier League - 3rd) England CB 23 Wes Brown 25
62%
2002/03 (Premier League - 1st) England CB 22 Wes Brown 35 1
62%
2001/02 (Premier League - 3rd) England CB 21 Wes Brown 24
62%
2000/01 (Premier League - 1st) England CB 20 Wes Brown 41
62%
1998/99 (Premier League - 1st) England RB 18 Wes Brown 21
62%
1997/98 (Premier League - 2nd) England RB 17 Wes Brown 2
62%
2022/23 (Premier League - 3rd) Sweden RW 20 Anthony Elanga 26
61%
2021/22 (Premier League - 6th) Sweden RW 19 Anthony Elanga 27 3
61%
2020/21 (Premier League - 2nd) Sweden RW 18 Anthony Elanga 2 1
61%
2011/12 (Premier League - 2nd) England ST 31 Michael Owen 4 3
61%
2010/11 (Premier League - 1st) England ST 30 Michael Owen 17 5
61%
2009/10 (Premier League - 2nd) England ST 29 Michael Owen 31 9
61%
2014/15 (Premier League - 4th) Brazil RB 23 Rafael 11
61%
2013/14 (Premier League - 7th) Brazil RB 22 Rafael 29
61%
2012/13 (Premier League - 1st) Brazil RB 21 Rafael 40 3
61%
2011/12 (Premier League - 2nd) Brazil RB 20 Rafael 18
61%
2010/11 (Premier League - 1st) Brazil RB 19 Rafael 28
61%
2009/10 (Premier League - 2nd) Brazil RB 18 Rafael 16 1
61%
2008/09 (Premier League - 1st) Brazil RB 17 Rafael 28 1
61%
2022/23 (Premier League - 3rd) Netherlands ST 29 Wout Weghorst 31 2
61%
2021/22 (Premier League - 6th) Brazil LB 28 Alex Telles 26 1
59%
2020/21 (Premier League - 2nd) Brazil LB 27 Alex Telles 24
59%
2024/25 (Premier League - 14th) Uruguay RW 23 Facundo Pellistri 1
59%
2023/24 (Premier League - 8th) Uruguay RW 21 Facundo Pellistri 14
59%
2022/23 (Premier League - 3rd) Uruguay RW 20 Facundo Pellistri 10
59%
2002/03 (Premier League - 1st) Argentina CM 27 Juan Sebastián Verón 42 6
59%
2001/02 (Premier League - 3rd) Argentina CM 26 Juan Sebastián Verón 40 5
59%
2007/08 (Premier League - 1st) France ST 28 Louis Saha 24 5
59%
2006/07 (Premier League - 1st) France ST 27 Louis Saha 34 13
59%
2005/06 (Premier League - 2nd) France ST 26 Louis Saha 30 15
59%
2004/05 (Premier League - 3rd) France ST 25 Louis Saha 22 2
59%
2003/04 (Premier League - 3rd) France ST 24 Louis Saha 14 7
59%
2022/23 (Premier League - 3rd) Austria CM 28 Marcel Sabitzer 18 3
59%
2016/17 (Premier League - 6th) France DM 26 Morgan Schneiderlin 8
59%
2015/16 (Premier League - 5th) France DM 25 Morgan Schneiderlin 39 1
59%
2014/15 (Premier League - 4th) England ST 23 Danny Welbeck 3
58%
2013/14 (Premier League - 7th) England ST 22 Danny Welbeck 36 10
58%
2012/13 (Premier League - 1st) England ST 21 Danny Welbeck 40 2
58%
2011/12 (Premier League - 2nd) England ST 20 Danny Welbeck 39 12
58%
2009/10 (Premier League - 2nd) England ST 18 Danny Welbeck 11 2
58%
2008/09 (Premier League - 1st) England ST 17 Danny Welbeck 13 3
58%
2001/02 (Premier League - 3rd) Ireland LB 35 Denis Irwin 23
57%
2000/01 (Premier League - 1st) Ireland LB 34 Denis Irwin 30 2
57%
1999/00 (Premier League - 1st) Ireland LB 33 Denis Irwin 41 3
57%
1998/99 (Premier League - 1st) Ireland LB 32 Denis Irwin 49 3
57%
1997/98 (Premier League - 2nd) Ireland LB 31 Denis Irwin 37 4
57%
1996/97 (Premier League - 1st) Ireland LB 30 Denis Irwin 43 1
57%
1995/96 (Premier League - 1st) Ireland LB 29 Denis Irwin 39 1
57%
1994/95 (Premier League - 2nd) Ireland LB 28 Denis Irwin 54 6
57%
1993/94 (Premier League - 1st) Ireland LB 27 Denis Irwin 62 4
57%
1992/93 (Premier League - 1st) Ireland LB 26 Denis Irwin 48 5
57%
2020/21 (Premier League - 2nd) Nigeria ST 31 Odion Ighalo 4
57%
2019/20 (Premier League - 3rd) Nigeria ST 30 Odion Ighalo 19 5
57%
2013/14 (Premier League - 7th) Brazil RB 22 Fabio 3 1
55%
2011/12 (Premier League - 2nd) Brazil RB 20 Fabio 15
55%
2010/11 (Premier League - 1st) Brazil RB 19 Fabio 25 2
55%
2009/10 (Premier League - 2nd) Brazil RB 18 Fabio 11
55%
2008/09 (Premier League - 1st) Brazil RB 17 Fabio 2
55%
2007/08 (Premier League - 1st) Spain CB 20 Gerard Piqué 13 2
55%
2005/06 (Premier League - 2nd) Spain CB 18 Gerard Piqué 7
55%
2004/05 (Premier League - 3rd) Spain CB 17 Gerard Piqué 3
55%
2007/08 (Premier League - 1st) France LB 29 Mikaël Silvestre 6
54%
2006/07 (Premier League - 1st) France LB 28 Mikaël Silvestre 21 1
54%
2005/06 (Premier League - 2nd) France LB 27 Mikaël Silvestre 48 1
54%
2004/05 (Premier League - 3rd) France CB 26 Mikaël Silvestre 50 2
54%
2003/04 (Premier League - 3rd) France CB 25 Mikaël Silvestre 46 3
54%
2002/03 (Premier League - 1st) France LB 24 Mikaël Silvestre 54 1
54%
2001/02 (Premier League - 3rd) France LB 23 Mikaël Silvestre 51 1
54%
2000/01 (Premier League - 1st) France LB 22 Mikaël Silvestre 47 1
54%
1999/00 (Premier League - 1st) France CB 21 Mikaël Silvestre 37
54%
1998/99 (Premier League - 1st) France LB 20 Mikaël Silvestre 1
54%
2022/23 (Premier League - 3rd) England LB 21 Brandon Williams 1
53%
2020/21 (Premier League - 2nd) England LB 19 Brandon Williams 14
53%
2019/20 (Premier League - 3rd) England LB 18 Brandon Williams 36 1
53%
2006/07 (Premier League - 1st) Argentina LB 28 Gabriel Heinze 38 1
53%
2005/06 (Premier League - 2nd) Argentina LB 27 Gabriel Heinze 6 2
53%
2004/05 (Premier League - 3rd) Argentina LB 26 Gabriel Heinze 39 1
53%
2006/07 (Premier League - 1st) England AM 25 Alan Smith 18 1
51%
2005/06 (Premier League - 2nd) England CM 24 Alan Smith 33 1
51%
2004/05 (Premier League - 3rd) England SS 23 Alan Smith 42 10
51%
2023/24 (Premier League - 8th) Tunisia AM 20 Hannibal Mejbri 10 1
51%
2021/22 (Premier League - 6th) Tunisia AM 18 Hannibal Mejbri 2
51%
2020/21 (Premier League - 2nd) Tunisia AM 17 Hannibal Mejbri 1
51%
2006/07 (Premier League - 1st) Sweden ST 34 Henrik Larsson 13 3
51%
2014/15 (Premier League - 4th) Spain GK 32 Víctor Valdés 2
51%
Manager Netherlands 2022 2024 Erik ten Hag 128
50%
Manager Portugal 2016 2018 José Mourinho 144
50%
2022/23 (Premier League - 3rd) Slovakia GK 33 Martin Dúbravka 2
50%
2014/15 (Premier League - 4th) England CM 24 Tom Cleverley 1
50%
2013/14 (Premier League - 7th) England CM 23 Tom Cleverley 31 1
50%
2012/13 (Premier League - 1st) England CM 22 Tom Cleverley 32 4
50%
2011/12 (Premier League - 2nd) England CM 21 Tom Cleverley 15
50%
2019/20 (Premier League - 3rd) Brazil AM 23 Andreas Pereira 40 2
49%
2018/19 (Premier League - 6th) Brazil AM 22 Andreas Pereira 22 1
49%
2015/16 (Premier League - 5th) Brazil AM 19 Andreas Pereira 11 1
49%
2014/15 (Premier League - 4th) Brazil AM 18 Andreas Pereira 2
49%
1995/96 (Premier League - 1st) England CB 34 Steve Bruce 33 1
49%
1994/95 (Premier League - 2nd) England CB 33 Steve Bruce 55 4
49%
1993/94 (Premier League - 1st) England CB 32 Steve Bruce 63 7
49%
1992/93 (Premier League - 1st) England CB 31 Steve Bruce 50 5
49%
2012/13 (Premier League - 1st) Italy ST 20 Federico Macheda 3
47%
2011/12 (Premier League - 2nd) Italy ST 19 Federico Macheda 6 1
47%
2010/11 (Premier League - 1st) Italy ST 18 Federico Macheda 12 1
47%
2009/10 (Premier League - 2nd) Italy ST 17 Federico Macheda 10 1
47%
2008/09 (Premier League - 1st) Italy ST 16 Federico Macheda 5 2
47%
2017/18 (Premier League - 2nd) Portugal GK 21 Joel Pereira 1
47%
2016/17 (Premier League - 6th) Portugal GK 20 Joel Pereira 2
47%
2002/03 (Premier League - 1st) France CB 36 Laurent Blanc 29 1
47%
2001/02 (Premier League - 3rd) France CB 35 Laurent Blanc 46 3
47%
1994/95 (Premier League - 2nd) Wales ST 30 Mark Hughes 46 12
47%
1993/94 (Premier League - 1st) Wales ST 29 Mark Hughes 54 22
47%
1992/93 (Premier League - 1st) Wales ST 28 Mark Hughes 48 16
47%
2010/11 (Premier League - 1st) England DM 29 Owen Hargreaves 1
47%
2009/10 (Premier League - 2nd) England DM 28 Owen Hargreaves 1
47%
2008/09 (Premier League - 1st) England DM 27 Owen Hargreaves 3
47%
2007/08 (Premier League - 1st) England DM 26 Owen Hargreaves 34 2
47%
1994/95 (Premier League - 2nd) England CM 26 Paul Ince 48 6
47%
1993/94 (Premier League - 1st) England CM 25 Paul Ince 56 9
47%
1992/93 (Premier League - 1st) England CM 24 Paul Ince 47 6
47%
2023/24 (Premier League - 8th) Spain LB 26 Sergio Reguilón 12
47%
Manager Scotland 2013 2014 David Moyes 51
45%
Manager Netherlands 2014 2016 Louis van Gaal 103
45%
Manager Portugal 2024 Now Ruben Amorim 33
45%
1993/94 (Premier League - 1st) England CM 36 Bryan Robson 27 3
42%
1992/93 (Premier League - 1st) England CM 35 Bryan Robson 17 1
42%
2009/10 (Premier League - 2nd) England GK 26 Ben Foster 13
41%
2008/09 (Premier League - 1st) England GK 25 Ben Foster 9
41%
2007/08 (Premier League - 1st) England GK 24 Ben Foster 1
41%
1997/98 (Premier League - 2nd) England CB 32 Gary Pallister 43
41%
1996/97 (Premier League - 1st) England CB 31 Gary Pallister 37 3
41%
1995/96 (Premier League - 1st) England CB 30 Gary Pallister 33 1
41%
1994/95 (Premier League - 2nd) England CB 29 Gary Pallister 51 4
41%
1993/94 (Premier League - 1st) England CB 28 Gary Pallister 60 1
41%
1992/93 (Premier League - 1st) England CB 27 Gary Pallister 50 1
41%
2000/01 (Premier League - 1st) Norway CB 30 Henning Berg 1
41%
1999/00 (Premier League - 1st) Norway CB 29 Henning Berg 37 1
41%
1998/99 (Premier League - 1st) Norway CB 28 Henning Berg 29
41%
1997/98 (Premier League - 2nd) Norway CB 27 Henning Berg 36 2
41%
2015/16 (Premier League - 5th) England ST 19 James Wilson 2
41%
2014/15 (Premier League - 4th) England ST 18 James Wilson 17 2
41%
2013/14 (Premier League - 7th) England ST 17 James Wilson 1 2
41%
1999/00 (Premier League - 1st) England CM 20 Mark Wilson 7
41%
1998/99 (Premier League - 1st) England CM 19 Mark Wilson 3
41%
2013/14 (Premier League - 7th) Ivory Coast LW 20 Wilfried Zaha 4
41%
2024/25 (Premier League - 14th) England CB 18 Ayden Heaven 4
39%
2003/04 (Premier League - 3rd) England ST 18 Eddie Johnson 1
39%
2004/05 (Premier League - 3rd) Northern Ireland GK 26 Roy Carroll 34
39%
2003/04 (Premier League - 3rd) Northern Ireland GK 25 Roy Carroll 12
39%
2002/03 (Premier League - 1st) Northern Ireland GK 24 Roy Carroll 16
39%
2001/02 (Premier League - 3rd) Northern Ireland GK 23 Roy Carroll 10
39%
2010/11 (Premier League - 1st) Poland GK 28 Tomasz Kuszczak 10
39%
2009/10 (Premier League - 2nd) Poland GK 27 Tomasz Kuszczak 14
39%
2008/09 (Premier League - 1st) Poland GK 26 Tomasz Kuszczak 8
39%
2007/08 (Premier League - 1st) Poland GK 25 Tomasz Kuszczak 16
39%
2006/07 (Premier League - 1st) Poland GK 24 Tomasz Kuszczak 13
39%
2014/15 (Premier League - 4th) Denmark GK 30 Anders Lindegaard 0
38%
2013/14 (Premier League - 7th) Denmark GK 29 Anders Lindegaard 3
38%
2012/13 (Premier League - 1st) Denmark GK 28 Anders Lindegaard 13
38%
2011/12 (Premier League - 2nd) Denmark GK 27 Anders Lindegaard 11
38%
2010/11 (Premier League - 1st) Denmark GK 26 Anders Lindegaard 2
38%
1994/95 (Premier League - 2nd) Russia RM 25 Andrei Kanchelskis 39 15
38%
1993/94 (Premier League - 1st) Russia RM 24 Andrei Kanchelskis 47 10
38%
1992/93 (Premier League - 1st) Russia RM 23 Andrei Kanchelskis 32 3
38%
2020/21 (Premier League - 2nd) DR Congo CB 22 Axel Tuanzebe 19
38%
2019/20 (Premier League - 3rd) DR Congo CB 21 Axel Tuanzebe 10
38%
2017/18 (Premier League - 2nd) DR Congo CB 19 Axel Tuanzebe 3
38%
2016/17 (Premier League - 6th) DR Congo CB 18 Axel Tuanzebe 5
38%
2024/25 (Premier League - 14th) Denmark ST 17 Chido Obi-Martin 6
38%
Manager Germany 2021 2022 Ralf Rangnick 29
38%
2001/02 (Premier League - 3rd) Norway CB 32 Ronny Johnsen 19 1
38%
2000/01 (Premier League - 1st) Norway CB 31 Ronny Johnsen 17 1
38%
1999/00 (Premier League - 1st) Norway CB 30 Ronny Johnsen 3
38%
1998/99 (Premier League - 1st) Norway CB 29 Ronny Johnsen 37 3
38%
1997/98 (Premier League - 2nd) Norway CB 28 Ronny Johnsen 32 4
38%
1996/97 (Premier League - 1st) Norway CB 27 Ronny Johnsen 42
38%
1995/96 (Premier League - 1st) England RB 31 Paul Parker 10 1
36%
1994/95 (Premier League - 2nd) England RB 30 Paul Parker 5
36%
1993/94 (Premier League - 1st) England RB 29 Paul Parker 57
36%
1992/93 (Premier League - 1st) England RB 28 Paul Parker 37 1
36%
2020/21 (Premier League - 2nd) Netherlands RB 22 Timothy Fosu-Mensah 3
36%
2019/20 (Premier League - 3rd) Netherlands RB 21 Timothy Fosu-Mensah 6
36%
2016/17 (Premier League - 6th) Netherlands RB 18 Timothy Fosu-Mensah 11
36%
2015/16 (Premier League - 5th) Netherlands RB 17 Timothy Fosu-Mensah 10
36%
2010/11 (Premier League - 1st) Cape Verde LW 19 Bebé 7 2
35%
2024/25 (Premier League - 14th) England DM 21 Toby Collyer 13
35%
2004/05 (Premier League - 3rd) Brazil CM 25 José Kléberson 14
34%
2003/04 (Premier League - 3rd) Brazil CM 24 José Kléberson 16 2
34%
1999/00 (Premier League - 1st) Australia GK 27 Mark Bosnich 34
34%
1998/99 (Premier League - 1st) Australia GK 26 Mark Bosnich 1
34%
2019/20 (Premier League - 3rd) Netherlands RW 19 Tahith Chong 12
34%
2018/19 (Premier League - 6th) Netherlands RW 18 Tahith Chong 4
34%
1997/98 (Premier League - 2nd) Scotland ST 33 Brian McClair 20
32%
1996/97 (Premier League - 1st) Scotland ST 32 Brian McClair 27
32%
1995/96 (Premier League - 1st) Scotland ST 31 Brian McClair 23 3
32%
1994/95 (Premier League - 2nd) Scotland ST 30 Brian McClair 53 8
32%
1993/94 (Premier League - 1st) Scotland ST 29 Brian McClair 38 6
32%
1992/93 (Premier League - 1st) Scotland ST 28 Brian McClair 50 9
32%
2005/06 (Premier League - 2nd) Italy ST 18 Giuseppe Rossi 12 4
32%
2004/05 (Premier League - 3rd) Italy ST 17 Giuseppe Rossi 2
32%
2013/14 (Premier League - 7th) Netherlands LB 24 Alexander Büttner 15
31%
2012/13 (Premier League - 1st) Netherlands LB 23 Alexander Büttner 13 2
31%
2004/05 (Premier League - 3rd) Cameroon DM 23 Eric Djemba-Djemba 17
31%
2003/04 (Premier League - 3rd) Cameroon DM 22 Eric Djemba-Djemba 22 2
31%
1998/99 (Premier League - 1st) Sweden LM 24 Jesper Blomqvist 38 1
31%
1999/00 (Premier League - 1st) Netherlands AM 25 Jordi Cruyff 17 3
31%
1998/99 (Premier League - 1st) Netherlands AM 24 Jordi Cruyff 11 2
31%
1997/98 (Premier League - 2nd) Netherlands AM 23 Jordi Cruyff 8
31%
1996/97 (Premier League - 1st) Netherlands AM 22 Jordi Cruyff 22 3
31%
2019/20 (Premier League - 3rd) England AM 18 Angel Gomes 6
30%
2018/19 (Premier League - 6th) England AM 17 Angel Gomes 2
30%
2017/18 (Premier League - 2nd) England AM 16 Angel Gomes 1
30%
2016/17 (Premier League - 6th) England AM 15 Angel Gomes 1
30%
2011/12 (Premier League - 2nd) Ireland CM 23 Darron Gibson 2
30%
2010/11 (Premier League - 1st) Ireland CM 22 Darron Gibson 20 2
30%
2009/10 (Premier League - 2nd) Ireland CM 21 Darron Gibson 23 5
30%
2008/09 (Premier League - 1st) Ireland CM 20 Darron Gibson 14 3
30%
2005/06 (Premier League - 2nd) Ireland CM 17 Darron Gibson 1
30%
2002/03 (Premier League - 1st) England CB 32 David May 4
30%
2001/02 (Premier League - 3rd) England CB 31 David May 3
30%
2000/01 (Premier League - 1st) England CB 30 David May 2
30%
1999/00 (Premier League - 1st) England CB 29 David May 3
30%
1998/99 (Premier League - 1st) England CB 28 David May 9
30%
1997/98 (Premier League - 2nd) England CB 27 David May 11
30%
1996/97 (Premier League - 1st) England CB 26 David May 41 4
30%
1995/96 (Premier League - 1st) England CB 25 David May 18 1
30%
1994/95 (Premier League - 2nd) England CB 24 David May 27 3
30%
1995/96 (Premier League - 1st) England LM 24 Lee Sharpe 40 6
30%
1994/95 (Premier League - 2nd) England LM 23 Lee Sharpe 40 6
30%
1993/94 (Premier League - 1st) England LM 22 Lee Sharpe 41 11
30%
1992/93 (Premier League - 1st) England LM 21 Lee Sharpe 30 1
30%
2004/05 (Premier League - 3rd) South Africa LB 27 Quinton Fortune 33 1
30%
2003/04 (Premier League - 3rd) South Africa LB 26 Quinton Fortune 35 2
30%
2002/03 (Premier League - 1st) South Africa LM 25 Quinton Fortune 16
30%
2001/02 (Premier League - 3rd) South Africa LM 24 Quinton Fortune 19 1
30%
2000/01 (Premier League - 1st) South Africa CM 23 Quinton Fortune 11 2
30%
1999/00 (Premier League - 1st) South Africa LM 22 Quinton Fortune 12 4
30%
2024/25 (Premier League - 14th) England LB 18 Harry Amass 4
28%
2015/16 (Premier League - 5th) Northern Ireland CB 20 Paddy McNair 9
28%
2014/15 (Premier League - 4th) Northern Ireland CB 19 Paddy McNair 18
28%
2015/16 (Premier League - 5th) England LB 18 Cameron Borthwick-Jackson 14
27%
2022/23 (Premier League - 3rd) England GK 29 Jack Butland 0
27%
2006/07 (Premier League - 1st) England CM 18 Kieran Lee 3 1
27%
2022/23 (Premier League - 3rd) Iraq CM 19 Zidane Iqbal 0
27%
2021/22 (Premier League - 6th) Iraq CM 18 Zidane Iqbal 1
27%
2006/07 (Premier League - 1st) England LM 21 Kieran Richardson 24 3
26%
2005/06 (Premier League - 2nd) England LM 20 Kieran Richardson 36 6
26%
2004/05 (Premier League - 3rd) England LM 19 Kieran Richardson 9 1
26%
2003/04 (Premier League - 3rd) England LM 18 Kieran Richardson 3
26%
2002/03 (Premier League - 1st) England LM 17 Kieran Richardson 9 1
26%
2011/12 (Premier League - 2nd) Senegal ST 23 Mame Biram Diouf 3
26%
2009/10 (Premier League - 2nd) Senegal ST 21 Mame Biram Diouf 6 1
26%
2001/02 (Premier League - 3rd) Netherlands GK 38 Raimond van der Gouw 2
26%
2000/01 (Premier League - 1st) Netherlands GK 37 Raimond van der Gouw 15
26%
1999/00 (Premier League - 1st) Netherlands GK 36 Raimond van der Gouw 23
26%
1998/99 (Premier League - 1st) Netherlands GK 35 Raimond van der Gouw 8
26%
1997/98 (Premier League - 2nd) Netherlands GK 34 Raimond van der Gouw 7
26%
1996/97 (Premier League - 1st) Netherlands GK 33 Raimond van der Gouw 5
26%
1993/94 (Premier League - 1st) England ST 24 Dion Dublin 10 2
24%
1992/93 (Premier League - 1st) England ST 23 Dion Dublin 7 1
24%
2010/11 (Premier League - 1st) France RW 21 Gabriel Obertan 14 1
24%
2009/10 (Premier League - 2nd) France RW 20 Gabriel Obertan 13
24%
1997/98 (Premier League - 2nd) Czech Republic RW 25 Karel Poborský 15 2
24%
1996/97 (Premier League - 1st) Czech Republic RW 24 Karel Poborský 33 4
24%
2023/24 (Premier League - 8th) France CB 18 Willy Kambwala 10
24%
2021/22 (Premier League - 6th) Wales CM 18 Charlie Savage 1
23%
2007/08 (Premier League - 1st) China ST 22 Dong Fangzhuo 2
23%
2006/07 (Premier League - 1st) China ST 21 Dong Fangzhuo 1
23%
2012/13 (Premier League - 1st) Norway ST 20 Joshua King 1
23%
2009/10 (Premier League - 2nd) Norway ST 17 Joshua King 1
23%
2005/06 (Premier League - 2nd) Ireland CM 24 Liam Miller 3 1
23%
2004/05 (Premier League - 3rd) Ireland CM 23 Liam Miller 19 1
23%
2008/09 (Premier League - 1st) England ST 20 Fraizer Campbell 2
22%
2007/08 (Premier League - 1st) England ST 19 Fraizer Campbell 2
22%
2002/03 (Premier League - 1st) England AM 21 Luke Chadwick 5
22%
2001/02 (Premier League - 3rd) England AM 20 Luke Chadwick 11
22%
2000/01 (Premier League - 1st) England AM 19 Luke Chadwick 21 2
22%
1999/00 (Premier League - 1st) England AM 18 Luke Chadwick 1
22%
2007/08 (Premier League - 1st) England RB 20 Danny Simpson 8
20%
2004/05 (Premier League - 3rd) France ST 21 David Bellion 18 5
20%
2003/04 (Premier League - 3rd) France ST 20 David Bellion 22 3
20%
2015/16 (Premier League - 5th) Uruguay RB 22 Guillermo Varela 11
20%
2020/21 (Premier League - 2nd) England GK 37 Lee Grant 0
20%
2019/20 (Premier League - 3rd) England GK 36 Lee Grant 1
20%
2018/19 (Premier League - 6th) England GK 35 Lee Grant 1
20%
1999/00 (Premier League - 1st) Italy GK 29 Massimo Taibi 4
20%
1993/94 (Premier League - 1st) England CM 30 Mike Phelan 8
20%
1992/93 (Premier League - 1st) England CM 29 Mike Phelan 14 1
20%
2015/16 (Premier League - 5th) England AM 21 Nick Powell 2
20%
2014/15 (Premier League - 4th) England AM 20 Nick Powell 1
20%
2012/13 (Premier League - 1st) England AM 18 Nick Powell 6 1
20%
2009/10 (Premier League - 2nd) Belgium RB 20 Ritchie De Laet 5
20%
2008/09 (Premier League - 1st) Belgium RB 19 Ritchie De Laet 1
20%
2021/22 (Premier League - 6th) England LW 17 Shola Shoretire 2
20%
2020/21 (Premier League - 2nd) England LW 16 Shola Shoretire 3
20%
1996/97 (Premier League - 1st) Wales CM 22 Simon Davies 2
20%
1995/96 (Premier League - 1st) Wales CM 21 Simon Davies 8
20%
1994/95 (Premier League - 2nd) Wales CM 20 Simon Davies 10 1
20%
2007/08 (Premier League - 1st) England RW 21 Chris Eagles 6
19%
2006/07 (Premier League - 1st) England RW 20 Chris Eagles 2 1
19%
2004/05 (Premier League - 3rd) England RW 18 Chris Eagles 7
19%
2003/04 (Premier League - 3rd) England RW 17 Chris Eagles 2
19%
2024/25 (Premier League - 14th) England ST 19 Ethan Wheatley 1
19%
2023/24 (Premier League - 8th) England ST 17 Ethan Wheatley 3
19%
2001/02 (Premier League - 3rd) England LW 19 Jimmy Davis 1
19%
1994/95 (Premier League - 2nd) Northern Ireland RM 19 Keith Gillespie 12 1
19%
1992/93 (Premier League - 1st) Northern Ireland RM 17 Keith Gillespie 2 1
19%
2024/25 (Premier League - 14th) England CB 20 Tyler Fredricson 1
19%
2000/01 (Premier League - 1st) Scotland GK 36 Andy Goram 2
18%
2023/24 (Premier League - 8th) England CM 18 Dan Gore 2
18%
1999/00 (Premier League - 1st) Gibraltar CB 20 Danny Higginbotham 6
18%
1997/98 (Premier League - 2nd) Gibraltar CB 18 Danny Higginbotham 1
18%
2000/01 (Premier League - 1st) England CM 21 Jonathan Greening 11
18%
1999/00 (Premier League - 1st) England CM 20 Jonathan Greening 9
18%
1998/99 (Premier League - 1st) England CM 19 Jonathan Greening 7
18%
1992/93 (Premier League - 1st) England RM 28 Neil Webb 4
18%
2011/12 (Premier League - 2nd) Jamaica AM 18 Ravel Morrison 2
18%
2010/11 (Premier League - 1st) Jamaica AM 17 Ravel Morrison 1
18%
2009/10 (Premier League - 2nd) Serbia RW 22 Zoran Tošić 2
18%
2008/09 (Premier League - 1st) Serbia RW 21 Zoran Tošić 3
18%
1994/95 (Premier League - 2nd) England GK 26 Gary Walsh 16
16%
1993/94 (Premier League - 1st) England GK 25 Gary Walsh 3
16%
1992/93 (Premier League - 1st) England GK 24 Gary Walsh 2
16%
2019/20 (Premier League - 3rd) England DM 18 James Garner 6
16%
2018/19 (Premier League - 6th) England DM 17 James Garner 1
16%
2008/09 (Premier League - 1st) Angola ST 25 Manucho 3
16%
2011/12 (Premier League - 2nd) England GK 21 Ben Amos 4
15%
2010/11 (Premier League - 1st) England GK 20 Ben Amos 2
15%
2008/09 (Premier League - 1st) England GK 18 Ben Amos 1
15%
1992/93 (Premier League - 1st) Wales LB 27 Clayton Blackmore 17
15%
1998/99 (Premier League - 1st) Norway ST 20 Erik Nevland 3 1
15%
1997/98 (Premier League - 2nd) Norway ST 19 Erik Nevland 5
15%
2016/17 (Premier League - 6th) England AM 20 Josh Harrop 1 1
15%
2023/24 (Premier League - 8th) England RW 18 Omari Forson 7
15%
1992/93 (Premier League - 1st) England LW 28 Danny Wallace 6 1
14%
2000/01 (Premier League - 1st) Northern Ireland ST 20 David Healy 2
14%
1999/00 (Premier League - 1st) Northern Ireland ST 19 David Healy 1
14%
2004/05 (Premier League - 3rd) United States LB 18 Jonathan Spector 8
14%
2002/03 (Premier League - 1st) Scotland CM 21 Michael Stewart 4
14%
2001/02 (Premier League - 3rd) Scotland CM 20 Michael Stewart 5
14%
2000/01 (Premier League - 1st) Scotland CM 19 Michael Stewart 5
14%
2008/09 (Premier League - 1st) Italy CM 19 Rodrigo Possebon 8
14%
2014/15 (Premier League - 4th) England LB 20 Tyler Blackett 12
14%
2020/21 (Premier League - 2nd) England CB 17 Will Fish 1
14%
2003/04 (Premier League - 3rd) England LB 20 Danny Pugh 2
12%
2002/03 (Premier League - 1st) England LB 19 Danny Pugh 5
12%
1999/00 (Premier League - 1st) England RB 20 John Curtis 3
12%
1998/99 (Premier League - 1st) England RB 19 John Curtis 7
12%
1997/98 (Premier League - 2nd) England RB 18 John Curtis 8
12%
1993/94 (Premier League - 1st) England GK 35 Les Sealey 2
12%
1992/93 (Premier League - 1st) England GK 34 Les Sealey 0
12%
2007/08 (Premier League - 1st) Scotland RB 22 Phil Bardsley 1
12%
2005/06 (Premier League - 2nd) Scotland RB 20 Phil Bardsley 15
12%
2003/04 (Premier League - 3rd) Scotland RB 18 Phil Bardsley 2
12%
2004/05 (Premier League - 3rd) Spain GK 32 Ricardo 0
12%
2002/03 (Premier League - 1st) Spain GK 30 Ricardo 5
12%
2001/02 (Premier League - 3rd) England CM 23 Ronnie Wallwork 3
12%
2000/01 (Premier League - 1st) England CM 22 Ronnie Wallwork 16
12%
1999/00 (Premier League - 1st) England CM 21 Ronnie Wallwork 7
12%
1998/99 (Premier League - 1st) England CM 20 Ronnie Wallwork 1
12%
1997/98 (Premier League - 2nd) England CM 19 Ronnie Wallwork 1
12%
2001/02 (Premier League - 3rd) Sweden LW 19 Bojan Djordjic 1
11%
2000/01 (Premier League - 1st) Sweden LW 18 Bojan Djordjic 1
11%
2015/16 (Premier League - 5th) Scotland RB 20 Donald Love 2
11%
1996/97 (Premier League - 1st) England RW 19 Terry Cooke 1
11%
1995/96 (Premier League - 1st) England RW 18 Terry Cooke 6 1
11%
1997/98 (Premier League - 2nd) England GK 23 Kevin Pilkington 2
9%
1995/96 (Premier League - 1st) England GK 21 Kevin Pilkington 5
9%
1994/95 (Premier League - 2nd) England GK 20 Kevin Pilkington 1
9%
2002/03 (Premier League - 1st) Denmark SS 17 Mads Timm 1
9%
1999/00 (Premier League - 1st) England GK 20 Nick Culkin 1
9%
1995/96 (Premier League - 1st) France CB 27 William Prunier 2
9%
2005/06 (Premier League - 2nd) England LB 19 Adam Eckersley 1
8%
1996/97 (Premier League - 1st) England CB 21 Chris Casper 6
8%
1994/95 (Premier League - 2nd) England CB 19 Chris Casper 1
8%
2002/03 (Premier League - 1st) England ST 20 Danny Webber 1
8%
2001/02 (Premier League - 3rd) England ST 19 Danny Webber 1
8%
2000/01 (Premier League - 1st) England ST 18 Danny Webber 1
8%
2016/17 (Premier League - 6th) England LB 19 Demetri Mitchell 1
8%
2006/07 (Premier League - 1st) England LM 18 Michael Barnes 1
8%
2000/01 (Premier League - 1st) England GK 19 Paul Rachubka 2
8%
1999/00 (Premier League - 1st) England GK 18 Paul Rachubka 1
8%
2008/09 (Premier League - 1st) England RB 19 Richard Eckersley 4
8%
2012/13 (Premier League - 1st) Ireland LM 20 Robbie Brady 1
8%
2006/07 (Premier League - 1st) England CB 18 Ryan Shawcross 2
8%
2013/14 (Premier League - 7th) Wales AM 19 Tom Lawrence 1
8%
2006/07 (Premier League - 1st) Scotland RB 18 David Gray 1
7%
2019/20 (Premier League - 3rd) Northern Ireland CM 18 Ethan Galbraith 1
7%
1996/97 (Premier League - 1st) England RB 21 John O'Kane 2
7%
1995/96 (Premier League - 1st) England RB 20 John O'Kane 2
7%
1994/95 (Premier League - 2nd) England RB 19 John O'Kane 3
7%
2001/02 (Premier League - 3rd) England RB 23 Michael Clegg 1
7%
2000/01 (Premier League - 1st) England RB 22 Michael Clegg 2
7%
1999/00 (Premier League - 1st) England RB 21 Michael Clegg 5
7%
1998/99 (Premier League - 1st) England RB 20 Michael Clegg 3
7%
1997/98 (Premier League - 2nd) England RB 19 Michael Clegg 7
7%
1996/97 (Premier League - 1st) England RB 18 Michael Clegg 6
7%
1998/99 (Premier League - 1st) Northern Ireland CM 20 Philip Mulryne 2
7%
1997/98 (Premier League - 2nd) Northern Ireland CM 19 Philip Mulryne 3
7%
2005/06 (Premier League - 2nd) England ST 19 Sylvan Ebanks-Blake 1 1
7%
2004/05 (Premier League - 3rd) England ST 18 Sylvan Ebanks-Blake 1
7%
2021/22 (Premier League - 6th) England CB 19 Teden Mengi 1
7%
2019/20 (Premier League - 3rd) England CB 17 Teden Mengi 1
7%
2014/15 (Premier League - 4th) England CB 21 Tom Thorpe 1
7%
1997/98 (Premier League - 2nd) England LW 22 Ben Thornley 8
5%
1996/97 (Premier League - 1st) England LW 21 Ben Thornley 4
5%
1995/96 (Premier League - 1st) England LW 20 Ben Thornley 1
5%
1993/94 (Premier League - 1st) England LW 18 Ben Thornley 1
5%
2022/23 (Premier League - 3rd) England ST 18 Charlie McNeill 1
5%
1993/94 (Premier League - 1st) Scotland ST 19 Colin McKee 1
5%
2015/16 (Premier League - 5th) England CM 19 James Weir 1
5%
2014/15 (Premier League - 4th) Belgium LB 22 Marnick Vermijl 1
5%
2012/13 (Premier League - 1st) Belgium LB 20 Marnick Vermijl 1
5%
2014/15 (Premier League - 4th) Gambia RB 18 Saidy Janko 1
5%
1998/99 (Premier League - 1st) Scotland ST 18 Alex Notman 1
4%
2003/04 (Premier League - 3rd) Wales ST 20 Daniel Nardiello 1
4%
2002/03 (Premier League - 1st) Wales ST 19 Daniel Nardiello 2
4%
2001/02 (Premier League - 3rd) Wales ST 18 Daniel Nardiello 1
4%
2019/20 (Premier League - 3rd) England ST 18 D'Mani Mellor 1
4%
2019/20 (Premier League - 3rd) Wales CM 18 Dylan Levitt 1
4%
2019/20 (Premier League - 3rd) England RB 17 Ethan Laird 2
4%
2002/03 (Premier League - 1st) England RB 21 Lee Roche 2
4%
2001/02 (Premier League - 3rd) England RB 20 Lee Roche 1
4%
1995/96 (Premier League - 1st) Northern Ireland CB 21 Pat McGibbon 1
4%
2012/13 (Premier League - 1st) England CM 19 Ryan Tunnicliffe 2
4%
2012/13 (Premier League - 1st) England CB 20 Scott Wootton 4
4%
2011/12 (Premier League - 2nd) England LB 18 Zeki Fryers 6
4%
2019/20 (Premier League - 3rd) Jamaica CB 18 Di'Shon Bernard 1
3%
1994/95 (Premier League - 2nd) England ST 18 Graeme Tomlinson 2
3%
2008/09 (Premier League - 1st) Wales CB 19 James Chester 1
3%
2019/20 (Premier League - 3rd) Belgium LW 18 Largie Ramazani 1
3%
1996/97 (Premier League - 1st) England CM 20 Michael Appleton 2
3%
1999/00 (Premier League - 1st) England RM 21 Michael Twiss 1
3%
1997/98 (Premier League - 2nd) England RM 19 Michael Twiss 1
3%
2003/04 (Premier League - 3rd) Ireland LB 20 Paul Tierney 1
3%
2015/16 (Premier League - 5th) Wales CB 17 Regan Poole 1
3%
2015/16 (Premier League - 5th) England LB 18 Joe Riley 2
1%
2002/03 (Premier League - 1st) England RB 20 Mark Lynch 1
1%
2006/07 (Premier League - 1st) England ST 19 Phil Marsh 1
1%
1999/00 (Premier League - 1st) England CM 19 Richie Wellens 1
1%
No matching quizzes found
Score Distribution
Percent of People with Each Score
Percentile by Number Answered
Your Score History
You have not taken this quiz